| 000 | 00560nam a2200181Ia 4500 | ||
|---|---|---|---|
| 999 |
_c10413 _d10413 |
||
| 003 | OSt | ||
| 005 | 20191219152323.0 | ||
| 008 | 190216s9999||||xx |||||||||||||| ||und|| | ||
| 020 | _a0333931327 | ||
| 040 | _coclc | ||
| 082 |
_a338.9 _bDHO/T |
||
| 100 |
_aDholakia, Bakul H _9590 |
||
| 245 | 0 |
_aTheory Of Economic Growth And Technical Progress / _c Bakul H Dholakia ; Ravindra H Dholakia |
|
| 260 |
_bMacmillan India Ltd, _c1998. _aNew Delhi: |
||
| 300 | _a151p | ||
| 650 | _aEconomics | ||
| 942 |
_cBK _2ddc _h338.9 _iDHO/T _k38.9 _mDHO/T |
||